000 00683nam a2200253Ia 4500
003 OSt
005 20221006145327.0
006 a|||||r|||| 00| 0
007 ta
008 221006b |||||||| |||| 00| 0 eng d
020 _c
_9.00
024 _a14,465
037 _cTextual
040 _aEASL
_cEASL
_beng
041 _2eng
_aeng
082 _aO41vN, K8.
100 _aHSIA Tsi-an
_9654134
245 0 _aGate of darkness
_b Studies on the leftist literary movement in China
260 _aLondon
_bUniversity of Washington Press
_c1968
300 _a266p.
_ccm.
650 _aCEL
942 _hO41vN, K8.
_cTEXL
_2CC
999 _c1082551
_d1082551